| 000 | 00463nam a22001697a 4500 | ||
|---|---|---|---|
| 005 | 20251108164045.0 | ||
| 008 | 250721s1984 xx 000 0 ara d | ||
| 082 | 1 | 4 | _a216,8/محم |
| 100 | 1 | _aالبار، محمد علي | |
| 245 | 1 | 0 | _aالخمر بين الطب والفقه / |
| 250 | _aط 6 | ||
| 264 | 1 |
_aالرياض : _bالدار السعودية، _c1984. |
|
| 300 | _a295ص : مص | ||
| 650 | 1 | 7 | _aالإسلام |
| 942 |
_2ddc _cBK |
||
| 999 |
_c2529 _d2529 |
||